Il guerriero, l'oplita, il legionario: gli eserciti nel mondo classico
Na minha lista:
| Autor principal: | |
|---|---|
| Formato: | Livro |
| Idioma: | Língua italiana |
| Publicado em: |
Bolonia, Italia
Il Mulino
2002
|
| Colecção: | Universale Paperbacks,
433 |
| Assuntos: | |
| Tags: |
Adicionar Tag
Sem tags, seja o primeiro a adicionar uma tag!
|
MARC
| LEADER | 00000cam a2200000 a 4500 | ||
|---|---|---|---|
| 001 | UCD9215 | ||
| 003 | CL-VaPUC | ||
| 005 | 20240514114034.0 | ||
| 008 | 170609e20020000it |||||||||||||||||ita|d | ||
| 999 | |c 368470 |d 368468 | ||
| 020 | |a 9788815125675 | ||
| 040 | |c Pontificia Universidad Católica de Valparaíso | ||
| 082 | 0 | 4 | |a 355.033 BRI 2002 |2 21 |
| 100 | 0 | |a Brizzi, Giovanni |e author |9 592916 | |
| 245 | 1 | 3 | |a Il guerriero, l'oplita, il legionario: |b gli eserciti nel mondo classico |
| 260 | |a Bolonia, Italia |b Il Mulino |c 2002 | ||
| 300 | |a 238 páginas | ||
| 490 | 0 | |a Universale Paperbacks, |v 433 | |
| 583 | |a last modification |c 20170609 16:51:00 |k Rodrigo Vera | ||
| 650 | 0 | |a Soldados |z GRECIA |9 437744 | |
| 650 | 0 | |a Historia de Grecia |9 267917 | |
| 650 | 0 | |a Fuerzas Armadas |z GRECIA |9 255504 | |
| 942 | |c BK |2 ddc | ||
| 945 | |d 20170609 16:51:00 |a dcastane | ||
| 952 | |0 0 |1 0 |2 ddc |3 erb |4 0 |6 355_033000000000000_BRI_2002 |7 0 |8 A |9 483802 |a FDOLAF |b FDOLAF |e Laffi, Umberto, 1939- |i 5396883 |o 355.033 BRI 2002 |p 5396883 |r 2024-01-30 |t 1 |w 2019-11-24 |y BK |z Catalogado en:20170609 |k LAF | ||